| 000 | 00535nam a2200193Ia 4500 | ||
|---|---|---|---|
| 005 | 20230710112311.0 | ||
| 008 | 131103s9999 xx 000 0 und d | ||
| 040 | _aLoreto College | ||
| 041 | _aEnglish | ||
| 082 |
_a953 _bPAR |
||
| 100 | _aPartner,Peter | ||
| 245 | 2 |
_aA Short Political Guide to the Arab World _cPeter Partner |
|
| 260 |
_aLondon _bPall Mall Press _c1960 |
||
| 300 |
_a142 p. _b ill.maps |
||
| 504 | _aIncludes bibliographical refereences and index | ||
| 650 | _aArab - History | ||
| 850 | _aLCLIB | ||
| 942 | _cBK | ||
| 999 |
_c7857 _d58336 |
||